000 00435nam a2200181Ia 4500
008 220501s1996 xx 000 0 eng d
020 _a9780140435719
082 _a170 SPI-E
100 _aSpinoza, Benedict De
245 0 _aEthics
_cBenedict De Spinoza
260 _bPenguin
_c1996
300 _a186
650 _aEthics
650 _aEthics, modern
650 _aPhilosophy
650 _aPhilosophy, modern
942 _2ddc
_cBK
999 _c18295
_d18295